Szczegóły MARC21

Russkaâ proza treh poslednih desâtiletij : (70-90 gody XX veka) : posobie dlâ studentov /

003 -Nazwa inst., której nr kontr. jest w polu 001 [,]
    • @
    • Nazwa instytucji, której n kontrolny jest w polu 001
    • NUKAT
005 -DATA I CZAS OSTATNIEJ MODYFIKACJI [,]
    • @
    • pole kontrolne
    • 20260401171704.0
020 -Międzynarod. znormalizowany nr książki - ISBN [ , ]
    • a
    • Numer ISBN
    • 8371331819 Find
040 -Instytucja sporządzająca opis [ , ]
    • a
    • Instytucja, która sporządziła opis (NP)
    • GD U/MZ
    • b
    • Język katalogowania
    • pol
    • e
    • Zasady katalogowania
    • rda
    • c
    • Instytucja, która sporządziła rekord (NP)
    • GD U/MZ
    • d
    • Instytucja, która zmodyfikowała rekord (P)
    • GD U/MZ
    • d
    • Instytucja, która zmodyfikowała rekord (P)
    • GD U/ISSs
    • d
    • Instytucja, która zmodyfikowała rekord (P)
    • WR O/djas
    • d
    • Instytucja, która zmodyfikowała rekord (P)
    • WA U/JUt
    • d
    • Instytucja, która zmodyfikowała rekord (P)
    • WA U/LSt
    • d
    • Instytucja, która zmodyfikowała rekord (P)
    • KR 119/IK
    • d
    • Instytucja, która zmodyfikowała rekord (P)
    • KAT U/41BM
942 -Rodzaj dokumentu [ , ]
    • c
    • Rodzaj dokumentu
    • Książka
100 -Hasło główne - nazwa osobowa [1, ]
    • a
    • Nazwa osobowa (NP)
    • Ševčenko, Lûdmila Ûrìïvna.
    • e
    • Rodzaj współpracy
    • Autor
    • 9
    • KHW
    • 472014
245 -Strefa tytułu i oznaczenia odpowiedzialności [1,0]
    • a
    • Tytuł
    • Russkaâ proza treh poslednih desâtiletij : Find
    • b
    • Ciąg dalszy tytułu (NP)
    • (70-90 gody XX veka) : posobie dlâ studentov / Find
    • c
    • Pozostałe elementy strefy tytułu i oznaczenia odpowiedzialności (NP)
    • Lûdmila Ševčenko ; kolegium redakcyjne: Zdzisław Jerzy Adamczyk [i 6 pozostałych].
260 -Strefa adresu wydawniczego [ , ]
    • a
    • Miejsce wydania (P)
    • Kielce :
    • b
    • Nazwa wydawcy (P)
    • Wydawnictwo Akademii Świętokrzyskiej,
    • c
    • Data wydania (P)
    • 2002.
300 -Strefa opisu fizycznego [ , ]
    • a
    • Określenie formy książki i/lub objętość (NP)
    • 295 stron ;
    • c
    • Format (NP)
    • 21 cm.
336 -Typ zawartości [ , ]
    • a
    • Termin opisujący typ zawartości
    • Tekst
    • b
    • Kod określający zawartość
    • txt
    • 2
    • Źródło (terminu i kodu)
    • rdacontent
337 -Typ mediów [ , ]
    • a
    • Tryb odtwarzania
    • Bez urządzenia pośredniczącego
    • b
    • Kod typu mediów
    • n
    • 2
    • Źródło (terminu i kodu)
    • rdamedia
338 -Typ/rodzaj nośnika [ , ]
    • a
    • Hasło opisujące typ nośnika
    • Wolumin
    • b
    • Kod typu nośnika
    • nc
    • 2
    • Źródło (terminu i kodu)
    • rdacarrier
380 -Deskryptor - Forma dzieła (P) [ , ]
    • a
    • forma dzieła (NP)
    • Książki
380 -Deskryptor - Forma dzieła (P) [ , ]
    • a
    • forma dzieła (NP)
    • Publikacje dydaktyczne
380 -Deskryptor - Forma dzieła (P) [ , ]
    • a
    • forma dzieła (NP)
    • Publikacje naukowe
385 -Deskryptor - grupa odbiorców (P) [ , ]
    • m
    • wyrażenie wprowadzające (NP)
    • Poziom nauczania
    • a
    • termin określający odbiorcę (P)
    • Szkoły wyższe
504 -Uwaga dot. bibliogr. załącznikowej [ , ]
    • a
    • Uwaga dot. bibliografii załącznikowej
    • Bibliografia na stronach 261-267. Indeks.
648 -Hasło przedmiotowe - chronologia [ ,7]
    • a
    • Deskryptor chronologiczny
    • 1901-2000
    • 2
    • Źródło terminu
    • DBN
    • 9
    • KHW
    • 721448
648 -Hasło przedmiotowe - chronologia [ ,7]
    • a
    • Deskryptor chronologiczny
    • 1945-1989
    • 2
    • Źródło terminu
    • DBN
    • 9
    • KHW
    • 721450
648 -Hasło przedmiotowe - chronologia [ ,7]
    • a
    • Deskryptor chronologiczny
    • 1989-2000
    • 2
    • Źródło terminu
    • DBN
    • 9
    • KHW
    • 721451
648 -Hasło przedmiotowe - chronologia [ ,7]
    • a
    • Deskryptor chronologiczny
    • 2001-
    • 2
    • Źródło terminu
    • DBN
    • 9
    • KHW
    • 721449
650 -Hasło przedmiotowe [ ,7]
    • a
    • Hasło przedmiotowe
    • Literatura rosyjska
    • 2
    • Źródło terminu
    • DBN
    • 9
    • KHW
    • 721741
650 -Hasło przedmiotowe [ ,7]
    • a
    • Hasło przedmiotowe
    • Proza
    • 2
    • Źródło terminu
    • DBN
    • 9
    • KHW
    • 720967
650 -Hasło przedmiotowe [ ,7]
    • a
    • Hasło przedmiotowe
    • Proza rosyjska
    • y
    • Określnik chronologiczny
    • 1970-
    • x
    • Określnik rzeczowy
    • historia i krytyka
    • v
    • Określnik formalny
    • podręczniki akademickie.
    • 2
    • Źródło terminu
    • kaba
    • 9
    • KHW
    • 498624
655 -Hasło w funkcji tematu formalnego [ ,7]
    • a
    • Hasło
    • Podręcznik
    • 2
    • Źródło terminu
    • DBN
    • 9
    • KHW
    • 720960
658 -Ujęcie treści [ , ]
    • a
    • dziedzina nauki i sztuki/ sfera aktywności życiowej
    • Literaturoznawstwo
700 -Hasło dodatkowe - nazwa osobowa [1, ]
    • a
    • Nazwa osobowa (NP)
    • Adamczyk, Zdzisław Jerzy Find
    • d
    • Daty biograficzne (NP)
    • (1936-2024).
    • e
    • Określenie rodzaju współpracy
    • Redakcja
    • 9
    • KHW
    • 96811
710 -Hasło dodatkowe - nazwa ciała zbiorowego [2, ]
    • a
    • Nazwa ciała zbiorowego lub nazwa geograficzna jako pierwszy element (NP)
    • Akademia Świętokrzyska im. Jana Kochanowskiego (Kielce).
    • b
    • Nazwa jednostki podrzędnej (P)
    • Wydawnictwo.
    • e
    • Rodzaj współpracy
    • Wydawca
    • 4
    • Kod relacji
    • pbl
    • 9
    • KHW
    • 416854
920 -ISBN [ , ]
    • a
    • ISBN
    • 83-7133-181-9 Find
Status udost. Numer inwentarzowy Data inwentaryzacji Lokalizacja Sygnatura
1Z.1061672006-05-19BGZ.106167
1P.273802019-06-13BMROS. Historia lit. rosyjskiej 24